[Event "POL-chT 2nd League"]
[Site "Jastrzebia Gora"]
[Date "2023.09.07"]
[Round "6.74"]
[White "Rychlik, Hanna"]
[Black "Grochol, Kamil"]
[Result "0-1"]
[WhiteElo "2026"]
[BlackElo "2093"]
[PlyCount "108"]
[EventDate "2023.09.02"]
[EventType "team-swiss"]
[EventRounds "9"]
[EventCountry "POL"]
[SourceTitle "EXT 2024"]
[Source "ChessBase"]
[SourceDate "2023.10.10"]
[SourceVersion "1"]
[SourceVersionDate "2023.10.10"]
[SourceQuality "1"]
[WhiteTeam "Zarow Goniec"]
[BlackTeam "Gliwice Politechnika Slaska"]
[WhiteTeamCountry "POL"]
[BlackTeamCountry "POL"]

1. Nf3 d5 2. d4 Nf6 3. g3 Bf5 4. Bg2 e6 5. c4 c6 6. 0-0 Be7 7. Nc3 h6 8. b3 Nbd7 9. Bb2 0-0 10. Rc1 Ne4 11. Nd2 Nxc3 12. Bxc3 Nf6 13. f3 c5 14. e3 Qb6 15. Qe2 Rfd8 16. Rfd1 Rac8 17. Bf1 Bg6 18. Qf2 cxd4 19. Bxd4 Bc5 20. Bxc5 Qxc5 21. Bh3 Bd3 22. Rc3 dxc4 23. Nxc4 Bxc4 24. Rxd8+ Rxd8 25. Rxc4 Rd1+ 26. Bf1 Qd6 27. Rd4 Rxd4 28. exd4 g5 29. Bc4 Kg7 30. Qe3 Qb4 31. Qe5 Qc3 32. f4 Qa1+ 33. Bf1 gxf4 34. g4 Qd1 35. h3 Qf3 36. Bg2 Qg3 37. Kf1 b6 38. b4 a5 39. bxa5 bxa5 40. a4 Qd3+ 41. Kf2 Qd2+ 42. Kf3 Kg6 43. Qxf4 Qd1+ 44. Kg3 Qxa4 45. h4 Qb5 46. Bf3 Kg7 47. g5 hxg5 48. hxg5 Nh7 49. Kh4 Nf8 50. Qf6+ Kg8 51. Be4 Qe2 52. Qf4 a4 53. d5 exd5 54. Bxd5 Ng6+ 0-1

[Event "POL-chT 2nd League"]
[Site "Jastrzebia Gora"]
[Date "2023.09.04"]
[Round "3.110"]
[White "Malinowski, Szymon"]
[Black "Rychlik, Hanna"]
[Result "0-1"]
[WhiteElo "1902"]
[BlackElo "2026"]
[PlyCount "86"]
[EventDate "2023.09.02"]
[EventType "team-swiss"]
[EventRounds "9"]
[EventCountry "POL"]
[SourceTitle "EXT 2024"]
[Source "ChessBase"]
[SourceDate "2023.10.10"]
[SourceVersion "1"]
[SourceVersionDate "2023.10.10"]
[SourceQuality "1"]
[WhiteTeam "Gdynia MDK"]
[BlackTeam "Zarow Goniec"]
[WhiteTeamCountry "POL"]
[BlackTeamCountry "POL"]

1. d4 d6 2. Nf3 g6 3. Bg5 Bg7 4. c3 Nf6 5. Nbd2 Nbd7 6. e4 e5 7. Bc4 0-0 8. 0-0 c6 9. b4 Qc7 10. Bb3 a5 11. Rc1 b5 12. bxa5 Rxa5 13. c4 exd4 14. cxb5 Rxb5 15. Ba4 Rc5 16. Bc2 Ba6 17. Re1 d3 18. Bb1 Ng4 19. Bf4 Rxc1 20. Qxc1 Qb6 21. Bg3 Nde5 22. Qa3 Rd8 23. h3 Nxf3+ 24. gxf3 Bb2 25. Qa4 Ne5 26. f4 Bc3 27. Rd1 Bxd2 28. fxe5 dxe5 29. Bxe5 c5 30. Bc7 Qxc7 31. Qxa6 Qf4 32. Bxd3 Bc3 33. Qb6 Qg5+ 34. Kf1 Bd4 35. Qb3 Qh4 36. Rd2 Qxh3+ 37. Ke2 Qg2 38. Kd1 Bxf2 39. e5 Qg1+ 40. Kc2 Be3 41. Rd1 Qh2+ 42. Kb1 Qxe5 43. Rf1 Rb8 0-1

[Event "POL-chT 2nd League"]
[Site "Jastrzebia Gora"]
[Date "2022.09.10"]
[Round "8.111"]
[White "Dzierzak, Boguslaw"]
[Black "Rychlik, Hanna"]
[Result "1/2-1/2"]
[WhiteElo "1958"]
[BlackElo "2043"]
[PlyCount "107"]
[EventDate "2022.09.03"]
[EventType "team-swiss"]
[EventRounds "9"]
[EventCountry "POL"]
[SourceTitle "CBM 210 Extra"]
[Source "ChessBase"]
[SourceDate "2022.11.30"]
[SourceVersion "1"]
[SourceVersionDate "2022.11.30"]
[SourceQuality "1"]
[WhiteTeam "Gornik Ledziny"]
[BlackTeam "Zarow Goniec"]
[WhiteTeamCountry "POL"]
[BlackTeamCountry "POL"]

1. e4 c5 2. Nf3 e6 3. d4 cxd4 4. Nxd4 Nf6 5. Nc3 d6 6. g4 h6 7. h4 Nc6 8. Rg1 h5 9. g5 Ng4 10. Nb3 Qb6 11. Qe2 Bd7 12. Bh3 a6 13. Bxg4 hxg4 14. Be3 Qc7 15. g6 f6 16. Qxg4 Ne5 17. Qe2 Rxh4 18. 0-0-0 b5 19. Rh1 Rxh1 20. Rxh1 b4 21. Nd1 Bb5 22. Qd2 Rc8 23. Nd4 Nxg6 24. f4 Qb7 25. Nf2 d5 26. Nxe6 dxe4 27. f5 Bc4 28. Nxf8 Nxf8 29. Rh8 Bxa2 30. Qd6 Qe7 31. Qxa6 Qc7 32. Qa4+ Qc6 33. Qxc6+ Rxc6 34. Nxe4 Bd5 35. Nc5 Kf7 36. Nb7 Rxc2+ 37. Kxc2 Bxb7 38. Kd3 Nd7 39. Bd4 Bd5 40. Rc8 g5 41. Rh8 Ba2 42. Rh7+ Ke8 43. Rh1 Bd5 44. Re1+ Kf7 45. Ra1 Ke7 46. Ke3 Bb3 47. Ra7 Kd6 48. Ra6+ Ke7 49. Rc6 Bd5 50. Bc5+ Nxc5 51. Rxc5 Kd6 52. Kd4 Be4 53. Rb5 Bc2 54. Rb6+ 1/2-1/2

[Event "POL-chT 2nd League"]
[Site "Sypniewo"]
[Date "2021.09.08"]
[Round "5.7"]
[White "Szmyd, Arkadiusz"]
[Black "Rychlik, Hanna"]
[Result "1-0"]
[WhiteElo "2083"]
[BlackElo "2040"]
[PlyCount "130"]
[EventDate "2021.09.04"]
[EventType "team-swiss"]
[EventRounds "9"]
[EventCountry "POL"]
[SourceTitle "CBM 204 Extra"]
[Source "ChessBase"]
[SourceDate "2021.11.30"]
[SourceVersion "1"]
[SourceVersionDate "2021.11.30"]
[SourceQuality "1"]
[WhiteTeam "Zory Roszada"]
[BlackTeam "Zarow Goniec"]
[WhiteTeamCountry "POL"]
[BlackTeamCountry "POL"]

1. e4 c5 2. Nf3 d6 3. d4 cxd4 4. Nxd4 Nf6 5. Nc3 a6 6. Bg5 Nbd7 7. f4 Qc7 8. Qf3 h6 9. Bxf6 Nxf6 10. Nd5 Nxd5 11. exd5 g5 12. f5 Bg7 13. 0-0-0 h5 14. g3 Bd7 15. Kb1 Ba4 16. b3 Rc8 17. c4 b5 18. Qd3 bxc4 19. Qxc4 Qxc4 20. Bxc4 Rxc4 21. bxc4 Bxd1 22. Rxd1 Bxd4 23. Rxd4 Kd7 24. Kc2 e5 25. dxe6+ fxe6 26. fxe6+ Kxe6 27. Rd5 Rf8 28. Rxg5 Rf2+ 29. Kb3 Rxh2 30. Ra5 Rh3 31. Rxa6 Rxg3+ 32. Kb4 h4 33. c5 Rd3 34. c6 d5 35. Kc5 Rd2 36. Ra8 Rc2+ 37. Kb6 Rb2+ 38. Kc7 Ke7 39. a4 h3 40. a5 h2 41. Rh8 Ra2 42. Kb6 d4 43. c7 Rb2+ 44. Ka7 Rc2 45. Rxh2 Rxc7+ 46. Kb6 Rc3 47. Ra2 d3 48. a6 Rc2 49. Ra1 d2 50. a7 Rb2+ 51. Kc5 Rc2+ 52. Kb6 Rb2+ 53. Ka6 d1Q 54. Rxd1 Ra2+ 55. Kb6 Rb2+ 56. Kc6 Rc2+ 57. Kd5 Ra2 58. Rh1 Kf6 59. Rh7 Kg6 60. Rc7 Kf6 61. Kc6 Ke6 62. Kb7 Rb2+ 63. Kc8 Ra2 64. Kb8 Kd6 65. Rb7 Kd5 1-0

[Event "POL-chT 2nd League"]
[Site "Poronin"]
[Date "2020.09.05"]
[Round "1.15"]
[White "Rychlik, Hanna"]
[Black "Smolka, Marcin"]
[Result "1-0"]
[WhiteElo "2053"]
[BlackElo "2185"]
[PlyCount "79"]
[EventDate "2020.09.05"]
[EventType "team-swiss"]
[EventRounds "9"]
[EventCountry "POL"]
[SourceTitle "CBM 198 Extra"]
[Source "ChessBase"]
[SourceDate "2020.11.30"]
[SourceVersion "1"]
[SourceVersionDate "2020.11.30"]
[SourceQuality "1"]
[WhiteTeam "Zarow Goniec"]
[BlackTeam "Chrzanow Olimpijczyk"]
[WhiteTeamCountry "POL"]
[BlackTeamCountry "POL"]

1. Nf3 d5 2. g3 Nf6 3. Bg2 g6 4. 0-0 Bg7 5. d4 0-0 6. c4 c6 7. Ne5 Ng4 8. Nxg4 Bxg4 9. cxd5 cxd5 10. Nc3 Nc6 11. Be3 e5 12. dxe5 d4 13. Bxc6 dxc3 14. Bxb7 Rb8 15. Be4 cxb2 16. Rb1 Qa5 17. f4 Be6 18. Qd4 Rfd8 19. Qxa7 Qxa7 20. Bxa7 Rb4 21. Bd3 Bxa2 22. Bc5 Rb3 23. Bc4 Bxb1 24. Bxb3 Be4 25. Ba2 Ra8 26. Bb1 Bxb1 27. Bd4 Ra2 28. Rxb1 Ra4 29. e3 Rc4 30. Rxb2 Rc7 31. Rb8+ Bf8 32. Kf2 Kg7 33. g4 Be7 34. g5 Bc5 35. Bb2 Be7 36. Kf3 h6 37. h4 hxg5 38. hxg5 Ra7 39. e6+ f6 40. Re8 1-0

[Event "Nachod op"]
[Site "Nachod"]
[Date "2012.07.02"]
[Round "3"]
[White "Rychlik, Hanna"]
[Black "Kuru, Martin"]
[Result "1-0"]
[WhiteElo "2044"]
[BlackElo "1852"]
[PlyCount "42"]
[EventDate "2012.06.30"]
[EventType "swiss"]
[EventRounds "9"]
[EventCountry "CZE"]
[SourceTitle "CBM 149 Extra"]
[Source "ChessBase"]
[SourceDate "2012.08.24"]
[SourceVersion "1"]
[SourceVersionDate "2012.08.24"]
[SourceQuality "1"]

1. d4 d5 2. Nf3 Nf6 3. c4 c6 4. g3 Bf5 5. Bg2 e6 6. 0-0 Nbd7 7. Bf4 Be7 8. Nfd2 0-0 9. Nc3 Bg6 10. e4 dxc4 11. Nxc4 Nb6 12. Ne5 Rc8 13. Rc1 c5 14. dxc5 Bxc5 15. Qxd8 Rfxd8 16. Nxg6 hxg6 17. Nb5 a6 18. Na7 Ra8 19. Rxc5 Rxa7 20. Rc7 Ne8 21. Be3 Nc8 1-0

[Event "Nachod op"]
[Site "Nachod"]
[Date "2012.06.30"]
[Round "1"]
[White "Rychlik, Hanna"]
[Black "Dolezalova, Lada"]
[Result "0-1"]
[WhiteElo "2044"]
[BlackElo "1648"]
[PlyCount "26"]
[EventDate "2012.06.30"]
[EventType "swiss"]
[EventRounds "9"]
[EventCountry "CZE"]
[SourceTitle "CBM 149 Extra"]
[Source "ChessBase"]
[SourceDate "2012.08.24"]
[SourceVersion "1"]
[SourceVersionDate "2012.08.24"]
[SourceQuality "1"]

1. d4 Nf6 2. c4 e5 3. dxe5 Ne4 4. a3 d6 5. Nf3 Be6 6. e3 Nc6 7. Qc2 Bf5 8. Bd3 dxe5 9. Bxe4 Bxe4 10. Qxe4 Qd6 11. Nc3 0-0-0 12. 0-0 g6 13. Rd1 Qxd1+ 0-1

[Event "Rewal op-A 16th"]
[Site "Rewal"]
[Date "2011.08.25"]
[Round "6"]
[White "Rychlik, Hanna"]
[Black "Paszewski, Mateusz"]
[Result "1/2-1/2"]
[WhiteElo "2081"]
[BlackElo "1905"]
[PlyCount "85"]
[EventDate "2011.08.19"]
[EventType "swiss"]
[EventRounds "9"]
[EventCountry "POL"]
[SourceTitle "CBM 144 Extra"]
[Source "ChessBase"]
[SourceDate "2011.10.28"]
[SourceVersion "1"]
[SourceVersionDate "2011.10.28"]
[SourceQuality "1"]

1. d4 d5 2. g3 Nf6 3. Bg2 c6 4. Nf3 e6 5. c4 Nbd7 6. 0-0 Bd6 7. Nc3 0-0 8. Nd2 Bc7 9. e4 dxe4 10. Ndxe4 Nxe4 11. Nxe4 Qe7 12. Re1 h6 13. b3 Nf6 14. Nxf6+ Qxf6 15. Bb2 Bb6 16. Re2 Qg6 17. Qe1 Bd7 18. Rd1 Rad8 19. Qc3 Rfe8 20. b4 Bc8 21. Red2 Qf6 22. c5 Bc7 23. f4 Qg6 24. Re1 Rd7 25. Rde2 Bd8 26. Qf3 Rde7 27. a4 a6 28. Qb3 h5 29. Re5 Bc7 30. Rg5 Qh6 31. Bf3 g6 32. Bxh5 Kf8 33. Bf3 e5 34. Rgxe5 Bxe5 35. dxe5 Be6 36. Qa3 Rd7 37. Bc1 Qh3 38. Bg2 Qf5 39. Be4 Qh3 40. Bg2 Qf5 41. Be4 Qh3 42. Qf3 Red8 43. Be3 1/2-1/2

[Event "Rewal op-A 16th"]
[Site "Rewal"]
[Date "2011.08.20"]
[Round "2"]
[White "Rychlik, Hanna"]
[Black "Koitka, Jakub"]
[Result "0-1"]
[WhiteElo "2081"]
[BlackElo "1917"]
[PlyCount "154"]
[EventDate "2011.08.19"]
[EventType "swiss"]
[EventRounds "9"]
[EventCountry "POL"]
[SourceTitle "CBM 144 Extra"]
[Source "ChessBase"]
[SourceDate "2011.10.28"]
[SourceVersion "1"]
[SourceVersionDate "2011.10.28"]
[SourceQuality "1"]

1. d4 Nf6 2. c4 g6 3. Nc3 Bg7 4. e4 d6 5. h3 0-0 6. Be3 c5 7. Nf3 Qa5 8. Bd3 Nbd7 9. 0-0 a6 10. a4 cxd4 11. Nxd4 Nc5 12. Bc2 Ne6 13. Nb3 Qc7 14. Qe2 Bd7 15. a5 Bc6 16. Bb6 Qc8 17. Rac1 Nf4 18. Qf3 e5 19. Rfd1 Qe6 20. Nd2 Nd7 21. b4 Nxb6 22. axb6 Qe7 23. Bb3 Ne6 24. Ne2 Kh8 25. Qd3 Bh6 26. Rc2 f5 27. f3 Rad8 28. Rb2 Qh4 29. Bc2 Bxd2 30. Rxd2 fxe4 31. fxe4 Qe1+ 32. Kh2 Bxe4 33. Qxe4 Qxd2 34. Qh4 Qg5 35. Qxg5 Nxg5 36. h4 Ne6 37. Be4 Rd7 38. Rd2 Rfd8 39. g3 Kg7 40. Bd5 Kf6 41. Rd3 Ke7 42. Kg2 Rf8 43. Re3 Ng7 44. Nc1 Nf5 45. Re1 Nd4 46. Nd3 Kd8 47. Re3 Kc8 48. Re1 Kd8 49. Re3 Ke7 50. Re1 Nf5 51. Nc1 Ng7 52. Nb3 Kd8 53. Na5 Kc8 54. Re2 Rf6 55. Rc2 Nf5 56. Rc3 Ne7 57. Be4 h6 58. Rd3 g5 59. h5 Kb8 60. Nb3 d5 61. Nc5 Rd8 62. Na4 Rfd6 63. c5 Rf6 64. Rd2 Nc6 65. Rxd5 Rxd5 66. Bxd5 Nxb4 67. Be4 a5 68. Nb2 Na6 69. Nd3 a4 70. Bd5 a3 71. Nxe5 Nxc5 72. Bc4 Kc8 73. Ng4 Rxb6 74. Kh3 Nb3 75. Nxh6 a2 76. Nf7 a1Q 77. Nxg5 Qf6 0-1

[Event "POL-chT (Women) 1st"]
[Site "Wroclaw"]
[Date "2008.05.18"]
[Round "4"]
[White "Rychlik, Hanna"]
[Black "Matras Clement, Agnieszka"]
[Result "0-1"]
[WhiteElo "2058"]
[BlackElo "2229"]
[PlyCount "97"]
[EventDate "2008.05.16"]
[EventType "team-swiss"]
[EventRounds "5"]
[EventCountry "POL"]
[SourceTitle "EXT 2019"]
[Source "ChessBase"]
[SourceDate "2018.10.10"]
[SourceVersion "1"]
[SourceVersionDate "2018.10.10"]
[SourceQuality "1"]
[WhiteTeam "Legnica Miedz (W)"]
[BlackTeam "Rybnik Preferow MKSz (W)"]
[WhiteTeamCountry "POL"]
[BlackTeamCountry "POL"]

1. d4 d5 2. c4 c6 3. Nc3 Nf6 4. Nf3 dxc4 5. g3 Bf5 6. Bg2 e6 7. 0-0 Nbd7 8. Bg5 Be7 9. Re1 0-0 10. a4 h6 11. Bxf6 Bxf6 12. e4 Bg4 13. Qd2 Qb6 14. a5 Qc7 15. e5 Be7 16. Qe2 b5 17. axb6 Nxb6 18. Na4 Rab8 19. Nxb6 Rxb6 20. Qxc4 Rxb2 21. Rec1 a5 22. Ne1 Bb4 23. d5 Be2 24. Qxc6 Qxe5 25. Qc7 Qf6 26. Rab1 Rxb1 27. Rxb1 exd5 28. Bxd5 Qd4 29. Qc2 Bg4 30. Qc4 Qxc4 31. Bxc4 Rc8 32. Bb5 Rc5 33. Ba4 Bf5 34. Rd1 Rc3 35. Ra1 Be4 36. Kf1 f5 37. Bd7 Kf7 38. f3 Bc6 39. Bxf5 Bxf3 40. Bd3 Bc6 41. Ke2 a4 42. Nc2 Be7 43. Nd4 Bd7 44. Nb5 Rxd3 45. Kxd3 Bxb5+ 46. Ke4 a3 47. g4 Bc4 48. h4 a2 49. Kd4 0-1

[Event "POL-chT (Women) 1st"]
[Site "Wroclaw"]
[Date "2008.05.17"]
[Round "2"]
[White "Krupa, Monika"]
[Black "Rychlik, Hanna"]
[Result "1-0"]
[WhiteElo "2265"]
[BlackElo "2058"]
[PlyCount "108"]
[EventDate "2008.05.16"]
[EventType "team-swiss"]
[EventRounds "5"]
[EventCountry "POL"]
[SourceTitle "EXT 2019"]
[Source "ChessBase"]
[SourceDate "2018.10.10"]
[SourceVersion "1"]
[SourceVersionDate "2018.10.10"]
[SourceQuality "1"]
[WhiteTeam "Wroclaw KS Polonia (W)"]
[BlackTeam "Legnica Miedz (W)"]
[WhiteTeamCountry "POL"]
[BlackTeamCountry "POL"]

1. e4 c5 2. Nf3 d6 3. Bb5+ Nc6 4. 0-0 Nf6 5. Re1 Bd7 6. c3 a6 7. Bf1 Bg4 8. h3 Bh5 9. d3 e6 10. Nbd2 Be7 11. a4 0-0 12. g4 Bg6 13. Nh4 Nd7 14. Nxg6 hxg6 15. Nf3 Nde5 16. Nxe5 dxe5 17. Be3 Qc7 18. g5 Rfd8 19. Qg4 Rab8 20. h4 b5 21. axb5 axb5 22. Kg2 c4 23. dxc4 bxc4 24. Bxc4 Nd4 25. cxd4 Qxc4 26. Rec1 Qd3 27. Rd1 Qc4 28. dxe5 Rxd1 29. Rxd1 Rxb2 30. Rd7 Qb4 31. Rc7 Qe1 32. Rxe7 Qxe3 33. Re8+ Kh7 34. Qf3 Qxf3+ 35. Kxf3 Rb5 36. Kf4 Rb3 37. Rf8 Rb7 38. Kg4 Rb4 39. Rxf7 Rxe4+ 40. f4 Kg8 41. Re7 Re1 42. Rxe6 Kf7 43. Ra6 Rg1+ 44. Kf3 Rf1+ 45. Ke3 Re1+ 46. Kf2 Rh1 47. Ra7+ Kf8 48. Ke3 Rd1 49. Ke4 Rb1 50. Rd7 Rb5 51. h5 Rb4+ 52. Kd5 gxh5 53. f5 h4 54. f6 gxf6 1-0

[Event "POL-ch sf (Women)"]
[Site "Chotowa"]
[Date "2007.11.11"]
[Round "9.8"]
[White "Chlost, Marlena"]
[Black "Rychlik, Hanna"]
[Result "1-0"]
[WhiteElo "2148"]
[BlackElo "2062"]
[PlyCount "67"]
[EventDate "2007.11.03"]
[EventType "swiss"]
[EventRounds "9"]
[EventCountry "POL"]
[SourceTitle "EXT 2023"]
[Source "ChessBase"]
[SourceDate "2022.10.05"]
[SourceVersion "1"]
[SourceVersionDate "2022.10.05"]
[SourceQuality "1"]

1. e4 c5 2. Nf3 a6 3. c4 d6 4. Nc3 e6 5. d4 cxd4 6. Nxd4 Nf6 7. Be2 Nbd7 8. 0-0 b6 9. Re1 Bb7 10. f3 Be7 11. Be3 0-0 12. Qd2 Rc8 13. Rac1 Kh8 14. Kh1 Rg8 15. Bf1 Ne5 16. Na4 g5 17. b4 g4 18. f4 Ned7 19. e5 dxe5 20. fxe5 Ne4 21. Qb2 h5 22. Nc3 Ng5 23. b5 a5 24. Rcd1 Qe8 25. Nc6 Nc5 26. Qf2 Nh3 27. gxh3 gxh3 28. Bxh3 Rxc6 29. bxc6 Bxc6+ 30. Nd5 exd5 31. cxd5 Bb7 32. Qf3 Rg6 33. Qxh5+ Kg8 34. Rg1 1-0

[Event "POL-ch sf (Women)"]
[Site "Chotowa"]
[Date "2007.11.07"]
[Round "5"]
[White "Rychlik, Hanna"]
[Black "Kaniak, Justyna"]
[Result "1-0"]
[WhiteElo "2062"]
[BlackElo "1942"]
[PlyCount "93"]
[EventDate "2007.11.03"]
[EventType "swiss"]
[EventRounds "9"]
[EventCountry "POL"]
[SourceTitle "EXT 2010"]
[Source "ChessBase"]
[SourceDate "2010.11.25"]
[SourceVersion "1"]
[SourceVersionDate "2010.11.25"]
[SourceQuality "1"]

1. g3 Nf6 2. Nf3 d5 3. Bg2 Nc6 4. d4 Bf5 5. 0-0 e6 6. c4 Be7 7. Nc3 0-0 8. Ne5 h6 9. Bf4 Bb4 10. cxd5 exd5 11. Nxc6 bxc6 12. Rc1 Bd6 13. Bxd6 cxd6 14. f3 Re8 15. Qd2 Rb8 16. e4 Bg6 17. Rfe1 Qb6 18. b3 Qb4 19. Qf2 Re7 20. e5 dxe5 21. dxe5 Nd7 22. f4 Bd3 23. Na4 Qb7 24. Nc5 Nxc5 25. Qxc5 Qb6 26. Kf2 Kf8 27. Red1 Ba6 28. Bf1 Bc8 29. Qxb6 Rxb6 30. Rc5 Ba6 31. Bh3 Ke8 32. Ke3 Kd8 33. Rd4 Bc8 34. Bxc8 Kxc8 35. Rdxd5 Kb7 36. Rd6 Ra6 37. a4 Rb6 38. Rc3 f6 39. Ke4 fxe5 40. fxe5 Rb4+ 41. Kf5 Rb6 42. e6 Kc7 43. Ke5 Ra6 44. Rc5 Rb6 45. Rd3 Rb8 46. Rdc3 Rb6 47. a5 1-0

[Event "POL-ch sf (Women)"]
[Site "Chotowa"]
[Date "2007.11.06"]
[Round "4"]
[White "Sikorska, Dorota"]
[Black "Rychlik, Hanna"]
[Result "0-1"]
[WhiteElo "1915"]
[BlackElo "2062"]
[PlyCount "64"]
[EventDate "2007.11.03"]
[EventType "swiss"]
[EventRounds "9"]
[EventCountry "POL"]
[SourceTitle "EXT 2010"]
[Source "ChessBase"]
[SourceDate "2010.11.25"]
[SourceVersion "1"]
[SourceVersionDate "2010.11.25"]
[SourceQuality "1"]

1. e4 c5 2. Nc3 Nc6 3. g3 g6 4. Bg2 Bg7 5. d3 d6 6. Be3 e6 7. Qd2 Rb8 8. Nge2 b5 9. 0-0 b4 10. Nd1 Nd4 11. h3 Ne7 12. g4 0-0 13. Ng3 f5 14. c3 bxc3 15. bxc3 Ndc6 16. exf5 exf5 17. gxf5 Bxf5 18. Nxf5 Rxf5 19. Bh6 Bxh6 20. Qxh6 Ne5 21. Qe3 Rh5 22. d4 Nf5 23. Qe4 cxd4 24. cxd4 Nf7 25. d5 Ng5 26. Qd3 Nh4 27. f4 Nxg2 28. Kxg2 Qf6 29. Nf2 Rb2 30. fxg5 Rxf2+ 31. Rxf2 Rxg5+ 32. Kh2 Qxf2+ 0-1

[Event "POL-ch sf (Women)"]
[Site "Chotowa"]
[Date "2007.11.05"]
[Round "3"]
[White "Rychlik, Hanna"]
[Black "Cyboran, Katarzyna"]
[Result "1-0"]
[WhiteElo "2062"]
[BlackElo "1711"]
[PlyCount "53"]
[EventDate "2007.11.03"]
[EventType "swiss"]
[EventRounds "9"]
[EventCountry "POL"]
[SourceTitle "EXT 2010"]
[Source "ChessBase"]
[SourceDate "2010.11.25"]
[SourceVersion "1"]
[SourceVersionDate "2010.11.25"]
[SourceQuality "1"]

1. Nf3 c5 2. d4 cxd4 3. Nxd4 d5 4. Bf4 Nc6 5. e3 g6 6. Nxc6 bxc6 7. Be5 f6 8. Bg3 Bg7 9. c4 e5 10. cxd5 Qxd5 11. Nc3 Qxd1+ 12. Rxd1 Ne7 13. Bc4 Nf5 14. Ne4 Ke7 15. Ke2 Be6 16. Bxe6 Kxe6 17. Nc5+ Ke7 18. Rd7+ Ke8 19. Rhd1 Bf8 20. Ne4 Be7 21. Rc7 Rd8 22. Rxd8+ Bxd8 23. Rxa7 Nxg3+ 24. hxg3 Kf8 25. Nc5 Ke8 26. Ne6 h5 27. Nxd8 1-0

[Event "POL-chT 2nd League"]
[Site "Wysowa"]
[Date "2007.09.04"]
[Round "2"]
[White "Kaminska, Paulina"]
[Black "Rychlik, Hanna"]
[Result "0-1"]
[WhiteElo "1956"]
[BlackElo "2062"]
[PlyCount "98"]
[EventDate "2007.09.03"]
[EventType "team-swiss"]
[EventRounds "9"]
[EventCountry "POL"]
[SourceTitle "EXT 2010"]
[Source "ChessBase"]
[SourceDate "2010.11.25"]
[SourceVersion "1"]
[SourceVersionDate "2010.11.25"]
[SourceQuality "1"]
[WhiteTeam "Krakow KKSz 1893"]
[BlackTeam "Walbrzych KSz Hetman"]
[WhiteTeamCountry "POL"]
[BlackTeamCountry "POL"]

1. e4 c5 2. Nf3 d6 3. d4 cxd4 4. Nxd4 Nf6 5. Nc3 a6 6. Be2 e6 7. Be3 b5 8. a3 Bb7 9. f3 Nbd7 10. Qd2 Nb6 11. 0-0 Nfd7 12. Rad1 Be7 13. Qe1 0-0 14. Qg3 Re8 15. f4 Bf8 16. Kh1 Nf6 17. Bd3 Nc4 18. Bc1 Qc7 19. b3 Nxa3 20. Bxa3 Qxc3 21. e5 Ne4 22. Bxe4 Qxg3 23. hxg3 Bxe4 24. Bxd6 Bxd6 25. exd6 Red8 26. Rfe1 Bd5 27. Nf3 Rac8 28. Ra1 Rxd6 29. Re2 Bb7 30. Ne5 Rc3 31. Kh2 h6 32. Nd3 Rdxd3 33. cxd3 Rxb3 34. Rd2 Rc3 35. Kg1 Kf8 36. Kf2 Ke7 37. Ke3 Kd6 38. Kd4 Rc5 39. Rda2 Rd5+ 40. Kc3 Kc5 41. Rxa6 Bxa6 42. Rxa6 b4+ 43. Kc2 b3+ 44. Kc3 b2 45. Kxb2 Rxd3 46. Ra7 Rxg3 47. Rxf7 Rxg2+ 48. Kc3 Rg3+ 49. Kd2 Kd4 0-1

[Event "POL-chT 2nd League"]
[Site "Wysowa"]
[Date "2007.09.03"]
[Round "1"]
[White "Rychlik, Hanna"]
[Black "Skrzypczak, Anna"]
[Result "0-1"]
[WhiteElo "2062"]
[BlackElo "1997"]
[PlyCount "60"]
[EventDate "2007.09.03"]
[EventType "team-swiss"]
[EventRounds "9"]
[EventCountry "POL"]
[SourceTitle "EXT 2010"]
[Source "ChessBase"]
[SourceDate "2010.11.25"]
[SourceVersion "1"]
[SourceVersionDate "2010.11.25"]
[SourceQuality "1"]
[WhiteTeam "Walbrzych KSz Hetman"]
[BlackTeam "Krakow TKKF Drogowiec"]
[WhiteTeamCountry "POL"]
[BlackTeamCountry "POL"]

1. d4 Nf6 2. Nf3 e6 3. g3 b5 4. Bg2 Bb7 5. 0-0 c5 6. c3 Be7 7. a4 b4 8. a5 0-0 9. dxc5 Bxc5 10. cxb4 Bxb4 11. Qb3 Na6 12. Nc3 Rb8 13. Bf4 d6 14. Rfd1 Nd5 15. Nxd5 Bxd5 16. Rxd5 exd5 17. Qxd5 Nc7 18. Qd3 Ne6 19. Nd4 Nxd4 20. Qxd4 Bc5 21. Qd2 Qf6 22. Rb1 Rb4 23. Be3 Rfb8 24. Bxc5 dxc5 25. Qd5 c4 26. Rd1 g6 27. Rd4 Rxb2 28. Be4 Rxe2 29. f3 c3 30. Rc4 c2 0-1

[Event "Pobeskydy Chance 18th"]
[Site "Frydek Mistek"]
[Date "2007.04.08"]
[Round "7"]
[White "Rychlik, Hanna"]
[Black "Jacko, Vladimir"]
[Result "1/2-1/2"]
[WhiteElo "2040"]
[BlackElo "2185"]
[PlyCount "145"]
[EventDate "2007.04.05"]
[EventType "swiss"]
[EventRounds "9"]
[EventCountry "CZE"]
[SourceTitle "CBM 118 Extra"]
[Source "ChessBase"]
[SourceDate "2007.07.04"]
[SourceVersion "1"]
[SourceVersionDate "2007.07.04"]
[SourceQuality "1"]

1. Nf3 Nf6 2. g3 g6 3. Bg2 Bg7 4. 0-0 0-0 5. d4 d6 6. Nbd2 Nbd7 7. e4 c6 8. e5 Ne8 9. Re1 Nc7 10. b3 dxe5 11. dxe5 Ne6 12. Bb2 Qc7 13. Qe2 Rd8 14. Rad1 Ndf8 15. Ne4 Rxd1 16. Rxd1 Bd7 17. c4 Rd8 18. Rd3 Bc8 19. Rxd8 Qxd8 20. Qd2 Qc7 21. Qe3 b6 22. h4 Nd7 23. Neg5 Nxg5 24. Qxg5 Nc5 25. Qe3 Nd7 26. Qg5 Nf8 27. Ne1 Qd7 28. Qe3 c5 29. Nd3 Ne6 30. Bh3 Qd8 31. f4 Bb7 32. Bg2 Bxg2 33. Kxg2 h5 34. Qe4 Nf8 35. Qd5 Qc8 36. Nf2 Ne6 37. Bc3 Bf8 38. Kf3 Ng7 39. Qd3 Nf5 40. Qd5 Ng7 41. Qd3 Nf5 42. Qd5 Bg7 43. Qd3 Kf8 44. Qd5 Ke8 45. Qe4 e6 46. Qd3 Bf8 47. Qe4 Be7 48. Qd3 Qc6+ 49. Qe4 Kd7 50. Qxc6+ Kxc6 51. Nd1 b5 52. Ne3 Ng7 53. cxb5+ Kxb5 54. a4+ Kc6 55. Ke4 Nf5 56. Nxf5 gxf5+ 57. Kd3 Kd5 58. Ba5 f6 59. Bc7 fxe5 60. Bxe5 Bd8 61. Bc3 Bc7 62. b4 c4+ 63. Kd2 Bb6 64. Ke2 a6 65. Kf3 Ba7 66. Be5 Bb6 67. Bc3 Bd8 68. Ke3 Bb6+ 69. Kf3 Bc7 70. Ke3 Bb6+ 71. Kf3 Kc6 72. Ke2 Kd5 73. Kf3 1/2-1/2

[Event "Wroclaw-ch 54th"]
[Site "Wroclaw"]
[Date "2006.08.03"]
[Round "5"]
[White "Palacz, Krzysztof"]
[Black "Rychlik, Hanna"]
[Result "1-0"]
[WhiteElo "2068"]
[BlackElo "2032"]
[PlyCount "105"]
[EventDate "2006.07.31"]
[EventType "swiss"]
[EventRounds "9"]
[EventCountry "POL"]
[SourceTitle "CBM 113 Extra"]
[Source "ChessBase"]
[SourceDate "2006.09.14"]
[SourceVersion "1"]
[SourceVersionDate "2006.09.14"]
[SourceQuality "1"]

1. e4 c5 2. Nc3 a6 3. g3 b5 4. Bg2 Bb7 5. d3 d6 6. Nh3 e6 7. 0-0 Nc6 8. f4 Nd4 9. Ne2 Ne7 10. c3 Nxe2+ 11. Qxe2 Qb6 12. f5 exf5 13. exf5 Bxg2 14. Qxg2 Qc6 15. Qe2 0-0-0 16. Ng5 Re8 17. Nxf7 Nd5 18. Qg2 Rg8 19. Ng5 h6 20. Ne4 Kd7 21. Bd2 c4 22. d4 Nc7 23. Rae1 d5 24. Nf2 Bd6 25. Qh3 Kd8 26. Ng4 Qd7 27. Qh4+ Kc8 28. f6 Rxe1 29. Rxe1 g5 30. Qh5 Rf8 31. Nxh6 Rxf6 32. Qxg5 Rf8 33. Qg4 Re8 34. Rxe8+ Nxe8 35. Qxd7+ Kxd7 36. Nf5 Bf8 37. Kg2 Ke6 38. g4 Nf6 39. Kf3 Ne4 40. Bf4 a5 41. a3 b4 42. cxb4 axb4 43. axb4 Bxb4 44. h4 c3 45. bxc3 Bxc3 46. Be5 Nd2+ 47. Kg3 Nc4 48. Bg7 Bd2 49. h5 Ne3 50. Nxe3 Bxe3 51. Be5 Kf7 52. Kh4 Ke6 53. g5 1-0